Hồ sơ vĩ tuyến 17 (1954-1975)
Ngoài phần giới thiệu có hai phần chính: Phần 1: Vĩ tuyến 17- Vì sao? - Tuyển chọn những tư liệu gốc từ Hiệp định Giơnevơ; Phần 2: Vĩ tuyến 17 - Ngày và đêm với những chuyện kể đôi bờ vĩ tuyến qua hồi ức chiến tranh của các tướng lĩ...
Bewaard in:
| Formaat: | Boek |
|---|---|
| Taal: | Undetermined |
| Gepubliceerd in: |
Lao động
2011
|
| Onderwerpen: | |
| Online toegang: | http://lrc.tdmu.edu.vn/opac/search/detail.asp?aID=2&ID=20171 |
| Tags: |
Voeg label toe
Geen labels, Wees de eerste die dit record labelt!
|
| Thư viện lưu trữ: | Trung tâm Học liệu Trường Đại học Thủ Dầu Một |
|---|
| LEADER | 01233nam a2200169Ia 4500 | ||
|---|---|---|---|
| 001 | TDMU_20171 | ||
| 008 | 210410s9999 xx 000 0 und d | ||
| 082 | |a 959.7043 | ||
| 090 | |b H450 | ||
| 245 | 0 | |a Hồ sơ vĩ tuyến 17 (1954-1975) | |
| 260 | |b Lao động | ||
| 260 | |c 2011 | ||
| 300 | |a 466 tr. | ||
| 520 | |a Ngoài phần giới thiệu có hai phần chính: Phần 1: Vĩ tuyến 17- Vì sao? - Tuyển chọn những tư liệu gốc từ Hiệp định Giơnevơ; Phần 2: Vĩ tuyến 17 - Ngày và đêm với những chuyện kể đôi bờ vĩ tuyến qua hồi ức chiến tranh của các tướng lĩnh; những cán bộ chỉ huy, các phóng viên chiến trường về cuộc chiến đấu oanh liệt của quân và dân Vĩnh Linh dưới lòng địa đạo giữ dân, giữ đất... | ||
| 650 | |a Chiến tranh Việt Nam |x 1954-1975; Lịch sử Việt Nam |x Vĩ tuyến 17 |y 1954-1975; Kháng chiến chống Mỹ |z Việt Nam | ||
| 856 | |u http://lrc.tdmu.edu.vn/opac/search/detail.asp?aID=2&ID=20171 | ||
| 980 | |a Trung tâm Học liệu Trường Đại học Thủ Dầu Một | ||